Cricket: Highest Team Totals in Test History - Statistics

General Stats
  • This quiz has been taken 16 times
  • The average score is 14 of 24
Answer Stats
Year Opposition Score Answer % Correct
1938 Australia 903/7d England
100%
1930 West Indies 849 England
100%
1997 India 952/6d Sri Lanka
100%
1958 Pakistan 790/3d West Indies
94%
2009 Sri Lanka 765/6d Pakistan
75%
2016 England 759/7d India
69%
2004 Australia 705/7d India
69%
2009 India 760/7d Sri Lanka
69%
1955 West Indies 758/8d Australia
63%
1930 England 729/6d Australia
56%
2009 Sri Lanka 726/9d India
56%
2003 Zimbabwe 735/6d Australia
50%
1934 England 701 Australia
50%
2010 Sri Lanka 707 India
50%
1987 England 708 Pakistan
50%
2009 England 749/9d West Indies
50%
2011 India 710/7d England
44%
2004 Zimbabwe 713/3d Sri Lanka
44%
2004 England 751/5d West Indies
44%
2005 South Africa 747 West Indies
44%
2019 Bangladesh 715/6d New Zealand
38%
2006 South Africa 756/5d Sri Lanka
38%
2018 Bangladesh 713/9d Sri Lanka
38%
2014 Bangladesh 730/6d Sri Lanka
31%
No matching quizzes found
Score Distribution
Percent of People with Each Score
Percentile by Number Answered
Your Score History
You have not taken this quiz